[Event "Landesklasse Ost 2025/26"]
[Site "?"]
[Date "2025.10.26"]
[Round "2.5"]
[White "Stöcklein, Paul"]
[Black "Grkinic, Goran"]
[Result "1/2-1/2"]
[WhiteElo "1749"]
[BlackElo "1889"]
[WhiteFideId "-1"]
[BlackFideId "-1"]
[PlyCount "120"]
[GameId "549920993982"]
[EventDate "2025.09.14"]
[EventType "team-tourn"]
[EventRounds "9"]
[SourceTitle "Thueringer Schachbund"]
[Source "ThSB"]
[SourceDate "2025.09.14"]
[SourceVersion "1"]
[SourceVersionDate "2025.09.14"]
[SourceQuality "1"]
[WhiteTeam "SC Turm Erfurt"]
[BlackTeam "SG Arnstadt-Stadtilm"]

{[%evp 0,120,58,32,53,53,61,51,19,41,42,-22,-22,-46,34,-46,14,17,59,34,99,31,94,103,63,81,265,265,265,107,115,115,152,-57,-95,-95,-107,-110,-110,-114,77,-21,8,25,25,48,55,38,79,19,-18,55,54,50,92,105,105,60,78,66,69,26,42,14,25,22,35,26,37,35,31,13,16,-1,0,-18,-23,-34,-15,-56,-47,-60,-85,-85,-48,-80,-78,-83,-48,-48,34,-26,-26,1,4,-17,30,39,43,51,45,8,37,37,37,37,37,-92,-92,-95,-92,-13,6,0,0,0,48,0,43,0,0,0,0]} 1. e4 e5 2. Nf3 Nf6 3. Nxe5 d6 4. Nf3 Nxe4 5. d4 d5 6. Bd3 Be7 7. c4 c6 8. O-O O-O 9. Re1 Nf6 10. Qb3 h6 11. Nc3 dxc4 12. Bxc4 b5 13. Bxf7+ Rxf7 14. Ne5 Nd5 15. Nxd5 Qxd5 16. Qxd5 cxd5 17. Nxf7 Kxf7 18. Bf4 Nc6 19. Rac1 Nxd4 20. Rc7 Ne6 21. Bd6 Nxc7 22. Rxe7+ Kf6 23. Rxc7 d4 24. f4 d3 25. Kf2 Be6 26. Ke3 Bxa2 27. Be5+ Ke6 28. Kxd3 Bb1+ 29. Kc3 g6 30. Kb4 Be4 31. g3 a6 32. Ka5 h5 33. Kb6 Bf3 34. Rc3 Be4 35. Re3 Kf5 36. Bc3 Re8 37. Be5 Re6+ 38. Kc7 Rc6+ 39. Kd7 Rc2 40. Ra3 Rxh2 41. Rxa6 Kg4 42. Rb6 Bf5+ 43. Ke7 Kxg3 44. Rxg6+ Kf3 45. Rg5 Ke4 46. Kf6 Bd7 47. Rg7 Rd2 48. Re7 Kf3 49. f5 h4 50. Rg7 Rd5 51. Rh7 Kg4 52. Rg7+ Kf3 53. Rxd7 Rxd7 54. Ke6 Ke4 55. f6 Rd5 56. Bd6 h3 57. f7 Rf5 58. Ke7 Kd5 59. Bh2 Kc4 60. f8=Q Rxf8 1/2-1/2

[Event "Landesklasse Ost 2025/26"]
[Site "?"]
[Date "2025.10.26"]
[Round "2.6"]
[White "Marufke, Kai"]
[Black "Boroshnev, Dmytro"]
[Result "0-1"]
[WhiteElo "1654"]
[BlackElo "1843"]
[WhiteFideId "-1"]
[BlackFideId "-1"]
[PlyCount "66"]
[GameId "549920994013"]
[EventDate "2025.09.14"]
[EventType "team-tourn"]
[EventRounds "9"]
[SourceTitle "Thueringer Schachbund"]
[Source "ThSB"]
[SourceDate "2025.09.14"]
[SourceVersion "1"]
[SourceVersionDate "2025.09.14"]
[SourceQuality "1"]
[WhiteTeam "SG Arnstadt-Stadtilm"]
[BlackTeam "SC Turm Erfurt"]

{[%evp 0,66,32,25,81,100,140,80,54,76,116,68,86,73,102,59,66,66,63,40,42,37,11,21,33,-27,-18,-37,-32,-90,-50,-50,-29,-32,-30,-55,-55,-83,-80,-157,-158,-139,-139,-163,-199,-588,-174,-206,-194,-194,-187,-190,-190,-201,-194,-351,-229,-322,-163,-265,-340,-340,-363,-412,-419,-571,-478,-29991,-29992]} 1. e4 c5 2. Nc3 a6 3. f4 d6 4. Nf3 e6 5. Be2 Ne7 6. O-O g6 7. d3 Bg7 8. Be3 Nbc6 9. Qd2 O-O 10. e5 Nf5 11. Bf2 b6 12. exd6 Nxd6 13. Rab1 Bb7 14. Rfd1 Nf5 15. Ne4 Qc7 16. c3 Rfd8 17. Ng3 Nce7 18. Nxf5 Nxf5 19. Ne1 Bh6 20. g3 e5 21. Bf3 exf4 22. Bxb7 f3 23. Bxa8 Bxd2 24. Bxf3 Be3 25. Ng2 Bxf2+ 26. Kxf2 h5 27. Rd2 h4 28. g4 Nh6 29. Kg1 h3 30. Ne1 Qf4 31. Rbd1 Re8 32. Rf2 Nxg4 33. Bxg4 Qxg4+ 0-1

[Event "Landesklasse Ost 2025/26"]
[Site "?"]
[Date "2025.10.26"]
[Round "2.7"]
[White "Pinkau, Eric"]
[Black "Feuerpfeil, Tyler Joel"]
[Result "1/2-1/2"]
[WhiteElo "1578"]
[BlackElo "1606"]
[WhiteFideId "-1"]
[BlackFideId "-1"]
[PlyCount "56"]
[GameId "549920994044"]
[EventDate "2025.09.14"]
[EventType "team-tourn"]
[EventRounds "9"]
[SourceTitle "Thueringer Schachbund"]
[Source "ThSB"]
[SourceDate "2025.09.14"]
[SourceVersion "1"]
[SourceVersionDate "2025.09.14"]
[SourceQuality "1"]
[WhiteTeam "SC Turm Erfurt"]
[BlackTeam "SG Arnstadt-Stadtilm"]

{[%evp 0,56,32,5,5,13,13,41,37,51,77,74,76,58,58,31,31,31,88,51,52,-8,50,68,68,5,-15,-18,30,0,15,-46,-44,-100,-119,-127,-98,-98,-35,-58,-24,-24,-9,-28,-28,-28,-28,-140,-121,-98,-58,-36,-36,-34,-77,0,0,0,0]} 1. d4 Nf6 2. Nc3 d5 3. Bf4 a6 4. e3 Bf5 5. f3 h5 6. Bd3 Bxd3 7. Qxd3 e6 8. Nge2 c5 9. e4 Nc6 10. exd5 Nxd5 11. Nxd5 Qxd5 12. dxc5 Qxd3 13. cxd3 Nb4 14. Kd2 Bxc5 15. a3 Nd5 16. Be5 Be3+ 17. Kd1 f6 18. Bd4 e5 19. Bxe3 Nxe3+ 20. Kd2 Nxg2 21. Rhg1 Nh4 22. Rxg7 Nxf3+ 23. Kd1 Nxh2 24. Rc1 Rd8 25. Rcc7 Rxd3+ 26. Kc2 Rd6 27. Rc8+ Rd8 28. Rcc7 Rd6 1/2-1/2

[Event "Landesklasse Ost 2025/26"]
[Site "?"]
[Date "2025.10.26"]
[Round "2.8"]
[White "Schumacher, Andreas"]
[Black "Grüner, Nico"]
[Result "1-0"]
[WhiteElo "1605"]
[BlackElo "1627"]
[WhiteFideId "-1"]
[BlackFideId "-1"]
[PlyCount "79"]
[GameId "549920994060"]
[EventDate "2025.09.14"]
[EventType "team-tourn"]
[EventRounds "9"]
[SourceTitle "Thueringer Schachbund"]
[Source "ThSB"]
[SourceDate "2025.09.14"]
[SourceVersion "1"]
[SourceVersionDate "2025.09.14"]
[SourceQuality "1"]
[WhiteTeam "SG Arnstadt-Stadtilm"]
[BlackTeam "SC Turm Erfurt"]

{[%evp 0,79,25,16,16,-31,38,-20,13,0,33,-3,20,38,18,7,63,11,35,17,33,47,71,71,115,77,180,78,122,9,12,9,36,36,114,115,131,77,91,91,90,33,165,-10,160,114,271,193,228,171,187,182,143,-8,106,94,185,122,106,128,153,113,176,147,151,174,178,122,176,195,223,220,272,272,272,239,239,260,260,272,355,377]} 1. d4 Nf6 2. c4 g6 3. g3 Bg7 4. Bg2 O-O 5. Nf3 d5 6. cxd5 Nxd5 7. O-O Nd7 8. Nc3 N7f6 9. Ne5 c6 10. Qb3 e6 11. Bg5 Qa5 12. Rfe1 Rb8 13. Rac1 Nd7 14. Nxd7 Bxd7 15. Nxd5 exd5 16. Bf4 Rbc8 17. Qxb7 Bg4 18. f3 Bf5 19. g4 Be6 20. a3 Qa4 21. Qb4 Qa6 22. Bf1 f5 23. gxf5 gxf5 24. e4 Qb6 25. Qxb6 axb6 26. Bd6 Rfd8 27. e5 c5 28. Ba6 Ra8 29. Bb5 cxd4 30. f4 Rac8 31. Kf2 Rxc1 32. Rxc1 Bh6 33. Be7 Rc8 34. Rxc8+ Bxc8 35. Kf3 Bf8 36. Bd8 d3 37. Bxb6 d2 38. Ke2 Bh6 39. Be3 d4 40. Bxd2 1-0

[Event "Thüringenliga 2025/26"]
[Site "?"]
[Date "2025.11.23"]
[Round "3.1"]
[White "Junge, Mattheo Gabriel"]
[Black "Meitzner, Jonathan Franz"]
[Result "1/2-1/2"]
[WhiteElo "1878"]
[BlackElo "1814"]
[WhiteFideId "-1"]
[BlackFideId "-1"]
[PlyCount "51"]
[GameId "2247723869633431"]
[EventDate "2025.09.14"]
[EventType "team-tourn"]
[EventRounds "9"]
[SourceTitle "Thueringer Schachbund"]
[Source "ThSB"]
[SourceDate "2025.09.14"]
[SourceVersion "1"]
[SourceVersionDate "2025.09.14"]
[SourceQuality "1"]
[WhiteTeam "SV Schott Jena"]
[BlackTeam "SC Rochade Leinefelde"]

{[%evp 0,51,28,30,46,60,72,65,79,14,19,-30,-17,-29,-16,-27,-2,-19,19,28,39,-2,-1,0,1,7,4,-6,-20,-25,-16,-98,-94,-78,-37,-35,-28,-31,-19,-34,-40,-56,-44,-59,-57,-75,-73,-79,-73,-71,-3,-9,-4,-16]} 1. e4 c5 2. Nf3 d6 3. Bb5+ Nd7 4. c3 Ngf6 5. Qe2 a6 6. Ba4 g6 7. O-O Bg7 8. d4 cxd4 9. cxd4 O-O 10. Nc3 b5 11. Bb3 b4 12. Nd5 a5 13. Re1 Ba6 14. Bc4 Bxc4 15. Nxf6+ Nxf6 16. Qxc4 d5 17. exd5 Qxd5 18. Qd3 e6 19. Bd2 Nd7 20. a3 Nc5 21. Qb5 Nb3 22. Qxd5 exd5 23. Rad1 bxa3 24. bxa3 Nxd4 25. Nxd4 Bxd4 26. Bh6 1/2-1/2

[Event "Thüringenliga 2025/26"]
[Site "?"]
[Date "2025.11.23"]
[Round "3.2"]
[White "Kachel, Alfred"]
[Black "Abou Wally, Adrian"]
[Result "1/2-1/2"]
[WhiteElo "1835"]
[BlackElo "1923"]
[WhiteFideId "-1"]
[BlackFideId "-1"]
[PlyCount "30"]
[GameId "2247800221089258"]
[EventDate "2025.09.14"]
[EventType "team-tourn"]
[EventRounds "9"]
[SourceTitle "Thueringer Schachbund"]
[Source "ThSB"]
[SourceDate "2025.09.14"]
[SourceVersion "1"]
[SourceVersionDate "2025.09.14"]
[SourceQuality "1"]
[WhiteTeam "SC Rochade Leinefelde"]
[BlackTeam "SV Schott Jena"]

{[%evp 0,30,24,35,23,20,57,12,23,37,34,-14,32,-16,9,0,0,-38,-62,-66,-36,-28,-33,-27,-23,9,14,4,6,16,16,22,9]} 1. d4 d5 2. Nf3 c6 3. c4 Nf6 4. Nc3 e6 5. Bg5 h6 6. Bh4 g5 7. Bg3 dxc4 8. Bxb8 Rxb8 9. Ne5 Bb4 10. e3 Qd5 11. Qa4 a5 12. Nxc4 Bxc3+ 13. bxc3 b5 14. Qb3 O-O 15. Nxa5 Bd7 1/2-1/2

[Event "Thüringenliga 2025/26"]
[Site "?"]
[Date "2025.11.23"]
[Round "3.3"]
[White "Kaipalath, Varun Raj"]
[Black "May, Alexander"]
[Result "1-0"]
[WhiteElo "1853"]
[BlackElo "1903"]
[WhiteFideId "-1"]
[BlackFideId "-1"]
[PlyCount "61"]
[GameId "2247827661209097"]
[EventDate "2025.09.14"]
[EventType "team-tourn"]
[EventRounds "9"]
[SourceTitle "Thueringer Schachbund"]
[Source "ThSB"]
[SourceDate "2025.09.14"]
[SourceVersion "1"]
[SourceVersionDate "2025.09.14"]
[SourceQuality "1"]
[WhiteTeam "SV Schott Jena"]
[BlackTeam "SC Rochade Leinefelde"]

{[%evp 0,61,25,34,81,61,57,41,33,31,64,44,36,31,30,17,45,10,10,11,11,4,8,0,10,3,13,6,23,19,23,23,23,12,16,14,114,134,145,122,121,110,136,131,142,143,221,196,323,335,355,354,373,366,430,461,808,503,503,495,495,495,495,495]} 1. e4 c6 2. d4 d5 3. Nc3 dxe4 4. Nxe4 Bf5 5. Ng3 Bg6 6. h4 h6 7. Nf3 Nf6 8. Ne5 Bh7 9. c3 e6 10. Bd3 Bxd3 11. Qxd3 Bd6 12. Bf4 O-O 13. O-O-O Qc7 14. Ne4 Nxe4 15. Qxe4 Nd7 16. Rhe1 Nf6 17. Qf3 Rfd8 18. Bxh6 Ne8 19. Qg4 c5 20. Nf3 b5 21. h5 c4 22. Bg5 Be7 23. h6 g6 24. Ne5 Bxg5+ 25. Qxg5 Kh7 26. Nxg6 fxg6 27. Rxe6 Rd7 28. Qxg6+ Kh8 29. Rxe8+ Rxe8 30. Qxe8+ Kh7 31. Qe4+ 1-0

[Event "Thüringenliga 2025/26"]
[Site "?"]
[Date "2025.11.23"]
[Round "3.4"]
[White "Körner, Jonas"]
[Black "Babrikowski, Peter"]
[Result "1-0"]
[WhiteElo "1895"]
[BlackElo "2100"]
[WhiteFideId "-1"]
[BlackFideId "-1"]
[PlyCount "97"]
[GameId "2247846329064977"]
[EventDate "2025.09.14"]
[EventType "team-tourn"]
[EventRounds "9"]
[SourceTitle "Thueringer Schachbund"]
[Source "ThSB"]
[SourceDate "2025.09.14"]
[SourceVersion "1"]
[SourceVersionDate "2025.09.14"]
[SourceQuality "1"]
[WhiteTeam "SC Rochade Leinefelde"]
[BlackTeam "SV Schott Jena"]

{[%evp 0,97,39,33,71,46,38,48,48,40,21,40,35,17,25,10,3,-7,10,-7,-5,-16,25,43,54,42,75,91,134,-7,0,-56,175,147,172,119,145,154,203,195,196,203,187,192,184,154,205,178,200,213,202,105,119,-2,14,-144,1,3,48,53,109,6,37,10,9,12,482,491,553,29,31,47,73,37,25,41,70,8,34,71,169,136,225,88,147,174,160,168,202,203,414,320,364,249,277,204,260,230,1190,1175]} 1. e4 c5 2. Nf3 e6 3. d4 cxd4 4. Nxd4 Nc6 5. Nc3 Nf6 6. Ndb5 d6 7. Bf4 e5 8. Bg5 a6 9. Na3 Be6 10. Nc4 b5 11. Bxf6 gxf6 12. Ne3 Nd4 13. Ncd5 f5 14. c3 f4 15. Nxf4 Nc6 16. Nfd5 Bg7 17. Be2 O-O 18. Bg4 Ra7 19. Bf5 Ne7 20. Nxe7+ Qxe7 21. Qh5 h6 22. h4 Rd8 23. g4 d5 24. g5 hxg5 25. hxg5 d4 26. Ng4 Kf8 27. g6 dxc3 28. bxc3 Qc5 29. O-O Rd3 30. Kg2 Qc6 31. Rad1 Rad7 32. Ne3 Qxc3 33. Rxd3 Rxd3 34. gxf7 Bxf7 35. Bg6 Qc7 36. Qf5 Qd7 37. Qf3 Kg8 38. Bf5 Qe7 39. Qg4 Rd2 40. Rc1 Rd8 41. Bc8 Qf6 42. Nf5 Bc4 43. Bxa6 Rd7 44. Rxc4 Qxa6 45. Rc5 Kf8 46. Qe2 Qg6+ 47. Ng3 b4 48. Qb5 Bh6 49. Qxd7 1-0

[Event "Thüringenliga 2025/26"]
[Site "?"]
[Date "2025.11.23"]
[Round "3.5"]
[White "Brömel, Richard"]
[Black "Meitzner, Johan Eduard"]
[Result "1-0"]
[WhiteElo "1972"]
[BlackElo "1701"]
[WhiteFideId "-1"]
[BlackFideId "-1"]
[PlyCount "39"]
[GameId "2248096272195117"]
[EventDate "2025.09.14"]
[EventType "team-tourn"]
[EventRounds "9"]
[SourceTitle "Thueringer Schachbund"]
[Source "ThSB"]
[SourceDate "2025.09.14"]
[SourceVersion "1"]
[SourceVersionDate "2025.09.14"]
[SourceQuality "1"]
[WhiteTeam "SV Schott Jena"]
[BlackTeam "SC Rochade Leinefelde"]

{[%evp 0,39,25,21,26,24,27,27,17,22,27,30,40,27,35,29,29,16,32,4,51,55,41,46,64,29,90,126,110,130,157,175,167,188,443,56,29993,29994,29997,29998,29999,29999]} 1. d4 Nf6 2. Bf4 e6 3. e3 d5 4. Nf3 Be7 5. c3 a6 6. Nbd2 c5 7. Bd3 O-O 8. Ne5 Nbd7 9. Qf3 Ne8 10. Qh3 g6 11. Ndf3 Ng7 12. g4 f5 13. Rg1 cxd4 14. exd4 fxg4 15. Rxg4 Nxe5 16. Nxe5 Bd7 17. Rxg6 Rxf4 18. Rxg7+ Kxg7 19. Qxh7+ Kf8 20. Qh8# 1-0

[Event "Thüringenliga 2025/26"]
[Site "?"]
[Date "2025.11.23"]
[Round "3.6"]
[White "Frank, Thomas"]
[Black "Bönisch, Julian"]
[Result "1-0"]
[WhiteElo "1831"]
[BlackElo "1851"]
[WhiteFideId "-1"]
[BlackFideId "-1"]
[PlyCount "153"]
[GameId "2248125787369126"]
[EventDate "2025.09.14"]
[EventType "team-tourn"]
[EventRounds "9"]
[SourceTitle "Thueringer Schachbund"]
[Source "ThSB"]
[SourceDate "2025.09.14"]
[SourceVersion "1"]
[SourceVersionDate "2025.09.14"]
[SourceQuality "1"]
[WhiteTeam "SC Rochade Leinefelde"]
[BlackTeam "SV Schott Jena"]

{[%evp 0,148,33,25,23,-13,35,33,36,38,39,23,-1,7,14,22,27,-9,-6,1,-7,-11,0,14,16,-2,1,2,6,6,13,13,46,29,23,10,10,8,39,0,33,29,21,32,49,19,11,-11,39,36,53,-24,22,-5,25,4,57,-16,0,12,44,9,63,55,90,19,13,-55,-45,-62,-58,-52,-5,0,-13,-75,-77,-74,-82,-81,-95,-91,-92,-84,200,200,234,166,189,180,216,183,185,168,174,177,202,203,203,195,202,73,240,54,189,189,220,196,195,213,217,217,234,234,273,277,520,560,569,563,580,582,603,614,781,555,727,547,550,526,569,564,526,607,607,657,605,593,665,682,768,761,855,770,813,865,892,878,959,981,1077]} 1. d4 Nf6 2. c4 g6 3. Nc3 Bg7 4. e4 d6 5. f3 O-O 6. Be3 e5 7. d5 Nh5 8. Nge2 f5 9. exf5 gxf5 10. Qc2 Qh4+ 11. Bf2 Qg5 12. Qd2 Qxd2+ 13. Kxd2 a5 14. Ng3 Bh6+ 15. Kc2 Ng7 16. Re1 Na6 17. a3 Bd7 18. Bd3 Rae8 19. Rhf1 Rf6 20. Bg1 Bg5 21. Kb1 Bh4 22. Re2 Rg6 23. Bf2 Rh6 24. Bc2 Rf8 25. h3 Rf7 26. Ka2 b6 27. b3 Bf6 28. Be1 Rg6 29. Nh1 h5 30. g4 hxg4 31. hxg4 Rh6 32. Bd2 Rh3 33. Rg2 e4 34. gxf5 exf3 35. Rgf2 Bd4 36. Rxf3 Rh2 37. Nf2 Bxf5 38. Bxf5 Rxf5 39. Rxf5 Nxf5 40. Nce4 Nc5 41. Ng4 Nxe4 42. Nxh2 Nfg3 43. Rd1 Kf7 44. Nf3 Bf6 45. a4 Kg6 46. Rg1 Kh5 47. Be3 Ne2 48. Rh1+ Kg4 49. Nd2 N4g3 50. Rh7 Nf5 51. Bf2 Nc1+ 52. Kb1 Nd3 53. Bg1 Bg7 54. Kc2 Nb4+ 55. Kd1 Na6 56. Rh2 Nb4 57. Rg2+ Kf4 58. Bh2+ Ke3 59. Rg5 Bc3 60. Nb1 Nd4 61. Nxc3 Nxb3 62. Nb5 Nd2 63. Rg3+ Nf3 64. Bg1+ Ke4 65. Rxf3 Kxf3 66. Nxc7 Nd3 67. Kc2 Ne5 68. Kb3 Ke4 69. Bxb6 Kd3 70. Bxa5 Nxc4 71. Bc3 Nb6 72. a5 Nc8 73. Bb4 Kd4 74. a6 Ke5 75. Kc4 Na7 76. Bxd6+ Kxd6 77. Nb5+ 1-0

[Event "Thüringenliga 2025/26"]
[Site "?"]
[Date "2025.11.23"]
[Round "3.7"]
[White "Dreyer, Michael"]
[Black "Pfitzenreuter, Gerald"]
[Result "1-0"]
[WhiteElo "1945"]
[BlackElo "1852"]
[WhiteFideId "-1"]
[BlackFideId "-1"]
[PlyCount "103"]
[GameId "2248205125893846"]
[EventDate "2025.09.14"]
[EventType "team-tourn"]
[EventRounds "9"]
[SourceTitle "Thueringer Schachbund"]
[Source "ThSB"]
[SourceDate "2025.09.14"]
[SourceVersion "1"]
[SourceVersionDate "2025.09.14"]
[SourceQuality "1"]
[WhiteTeam "SV Schott Jena"]
[BlackTeam "SC Rochade Leinefelde"]

{[%evp 0,103,25,33,57,14,15,8,-11,2,6,11,10,-12,23,24,16,-19,13,5,2,-14,8,-36,-28,-99,-90,-176,-4,-20,80,72,86,94,130,128,150,193,168,174,191,60,69,58,63,49,45,33,129,135,230,111,142,24,0,-70,-28,-57,25,-24,10,-71,-88,-102,-68,-56,-12,-8,0,22,29,21,19,17,29,40,46,35,112,102,106,97,97,93,195,215,212,255,268,263,281,285,288,288,288,288,288,288,288,288,288,371,414,422,436,432]} 1. e4 c5 2. c3 e6 3. d4 d5 4. e5 Bd7 5. Nf3 Nc6 6. Be2 Qb6 7. O-O f6 8. Re1 fxe5 9. dxe5 Nge7 10. Bd3 g6 11. Qe2 Bg7 12. a3 O-O 13. b4 cxb4 14. axb4 Qc7 15. b5 Na5 16. Ba3 Rae8 17. Bd6 Qb6 18. Qa2 Nc4 19. Bxc4 dxc4 20. Qa3 Rxf3 21. gxf3 Nf5 22. Nd2 Qxb5 23. Qc5 Bh6 24. Ne4 Rc8 25. Qxb5 Bxb5 26. Bb4 Nh4 27. Red1 Nxf3+ 28. Kf1 Nxh2+ 29. Kg2 Bc6 30. f3 Ng4 31. Rh1 Bxe4 32. fxe4 Bg7 33. Rxa7 Rd8 34. Rxb7 Nxe5 35. Rf1 h5 36. Re7 Rd2+ 37. Rf2 Rxf2+ 38. Kxf2 Bf8 39. Rxe6 Nd3+ 40. Ke3 Nxb4 41. cxb4 Bxb4 42. Rxg6+ Kf7 43. Rh6 Bc5+ 44. Kd2 Bd4 45. Rxh5 Ke6 46. Rd5 Be5 47. Rc5 c3+ 48. Kd3 Kf6 49. Rc6+ Ke7 50. Kc4 Kd7 51. Kd5 Bg7 52. Ra6 1-0

[Event "Thüringenliga 2025/26"]
[Site "?"]
[Date "2025.11.23"]
[Round "3.8"]
[White "Gast, Rainer"]
[Black "Vater, Rainer"]
[Result "1-0"]
[WhiteElo "1917"]
[BlackElo "1848"]
[WhiteFideId "-1"]
[BlackFideId "-1"]
[PlyCount "109"]
[GameId "2248236729757437"]
[EventDate "2025.09.14"]
[EventType "team-tourn"]
[EventRounds "9"]
[SourceTitle "Thueringer Schachbund"]
[Source "ThSB"]
[SourceDate "2025.09.14"]
[SourceVersion "1"]
[SourceVersionDate "2025.09.14"]
[SourceQuality "1"]
[WhiteTeam "SC Rochade Leinefelde"]
[BlackTeam "SV Schott Jena"]

{[%evp 0,109,41,32,17,-8,18,29,39,28,104,83,105,42,52,50,52,50,50,15,60,52,44,24,16,19,44,34,34,24,51,47,46,50,50,50,61,59,73,62,71,67,83,72,117,122,112,117,118,111,122,121,125,113,105,113,109,120,114,115,112,115,115,108,125,133,130,130,116,120,120,122,147,126,152,165,276,163,178,221,249,199,230,96,83,79,79,83,61,62,79,80,73,81,70,86,86,0,0,0,0,0,0,0,0,0,0,0,0,0,0,0]} 1. d4 d5 2. c4 c6 3. Nc3 e6 4. Nf3 f5 5. Bf4 Bd6 6. Be5 Nf6 7. e3 O-O 8. Be2 Ne4 9. Qc2 Qe7 10. Bxd6 Qxd6 11. Ne5 Nd7 12. f4 b6 13. O-O Bb7 14. c5 bxc5 15. Nxe4 fxe4 16. Nxd7 Qxd7 17. Qxc5 Rfd8 18. Rac1 Qd6 19. Qa5 Rd7 20. Rc5 Qc7 21. Qc3 a5 22. Bb5 Rd6 23. Rc1 Rb8 24. b3 Kf7 25. Ba4 Ra8 26. Bxc6 Bxc6 27. Rxc6 Rxc6 28. Qxc6 Qxc6 29. Rxc6 a4 30. b4 a3 31. Rc3 h5 32. Kf2 Kf6 33. Ke2 g5 34. Rb3 gxf4 35. exf4 Kf5 36. Ke3 h4 37. b5 Rg8 38. Rxa3 Rxg2 39. b6 Rxh2 40. Rb3 Rh3+ 41. Ke2 Rxb3 42. axb3 h3 43. b7 h2 44. b8=Q h1=Q 45. Qe5+ Kg6 46. Qxe6+ Kg7 47. Qg4+ Kf7 48. f5 Qh2+ 49. Ke3 Qh6+ 50. Ke2 Qa6+ 51. Kf2 Qa2+ 52. Kg3 Qxb3+ 53. Kf4 Qb8+ 54. Ke3 Qg8 55. Qh5+ {Es folgte Dg1+ als falsch ausgeführter Zug, der zum Verlust-Damenzug zwingt. Schwarz gab auf.} 1-0

[Event "Thüringenliga 2025/26"]
[Site "?"]
[Date "2025.11.23"]
[Round "3.1"]
[White "Darr, Sascha"]
[Black "Nguyen, Huy Dat"]
[Result "0-1"]
[WhiteElo "2069"]
[BlackElo "2069"]
[WhiteFideId "-1"]
[BlackFideId "-1"]
[PlyCount "74"]
[GameId "2250049529271950"]
[EventDate "2025.09.14"]
[EventType "team-tourn"]
[EventRounds "9"]
[SourceTitle "Thueringer Schachbund"]
[Source "ThSB"]
[SourceDate "2025.09.14"]
[SourceVersion "1"]
[SourceVersionDate "2025.09.14"]
[SourceQuality "1"]
[WhiteTeam "fuß brothers Jena"]
[BlackTeam "SV Medizin Erfurt"]

1. Nf3 Nf6 2. c4 b6 3. g3 Bb7 4. Bg2 e6 5. O-O Be7 6. Nc3 O-O 7. d3 d6 8. e4 Nbd7 9. Re1 c5 10. d4 a6 11. h3 cxd4 12. Nxd4 Qc7 13. Qe2 Rac8 14. Bf1 Ne5 15. b3 b5 16. f4 Nc6 17. Nxc6 Qxc6 18. Bg2 bxc4 19. b4 Rfd8 20. a3 Bf8 21. Be3 Ne8 22. Qc2 Nc7 23. Red1 g6 24. Rd2 Nb5 25. Na4 Bg7 26. e5 d5 27. Nc5 Ba8 28. a4 Nd6 29. a5 Qb5 30. Rb1 Nf5 31. Bf2 Ne7 32. Na4 Bc6 33. Nb6 Rb8 34. Bc5 Bf8 35. Ra1 Nf5 36. Na4 Bxc5+ 37. Nxc5 Nxg3 0-1

[Event "Thüringenliga 2025/26"]
[Site "?"]
[Date "2025.11.23"]
[Round "3.2"]
[White "Wehner, Janis"]
[Black "Zipfel, Frank"]
[Result "1-0"]
[WhiteElo "2081"]
[BlackElo "1976"]
[WhiteFideId "-1"]
[BlackFideId "-1"]
[PlyCount "55"]
[GameId "2250052812519066"]
[EventDate "2025.09.14"]
[EventType "team-tourn"]
[EventRounds "9"]
[SourceTitle "Thueringer Schachbund"]
[Source "ThSB"]
[SourceDate "2025.09.14"]
[SourceVersion "1"]
[SourceVersionDate "2025.09.14"]
[SourceQuality "1"]
[WhiteTeam "SV Medizin Erfurt"]
[BlackTeam "fuß brothers Jena"]

1. e4 c5 2. Nf3 Nc6 3. d4 cxd4 4. Nxd4 e5 5. Nb5 d6 6. N1c3 a6 7. Na3 Be7 8. Nc4 b5 9. Ne3 Nf6 10. Bd3 O-O 11. Ncd5 Nxd5 12. Nxd5 Bg5 13. O-O Bxc1 14. Rxc1 Be6 15. Ne3 Ne7 16. a3 g6 17. c4 Qb6 18. b4 f5 19. exf5 gxf5 20. c5 Qc6 21. cxd6 Qxd6 22. Nxf5 Rxf5 23. Bxf5 Nxf5 24. Qxd6 Nxd6 25. Rc6 Rd8 26. Rd1 Nf7 27. Rxd8+ Nxd8 28. Rd6 1-0

[Event "Thüringenliga 2025/26"]
[Site "?"]
[Date "2025.11.23"]
[Round "3.3"]
[White "Wicklein, Stefan"]
[Black "Kirschbaum, Gunnar"]
[Result "1-0"]
[WhiteElo "2003"]
[BlackElo "1995"]
[WhiteFideId "-1"]
[BlackFideId "-1"]
[PlyCount "79"]
[GameId "2250054685566627"]
[EventDate "2025.09.14"]
[EventType "team-tourn"]
[EventRounds "9"]
[SourceTitle "Thueringer Schachbund"]
[Source "ThSB"]
[SourceDate "2025.09.14"]
[SourceVersion "1"]
[SourceVersionDate "2025.09.14"]
[SourceQuality "1"]
[WhiteTeam "fuß brothers Jena"]
[BlackTeam "SV Medizin Erfurt"]

1. d4 Nf6 2. c4 g6 3. Nc3 Bg7 4. e4 d6 5. h3 O-O 6. Nf3 c5 7. d5 b5 8. cxb5 a6 9. a4 axb5 10. Bxb5 Ba6 11. Qe2 Bxb5 12. Nxb5 Nfd7 13. Ra3 Na6 14. O-O Qb6 15. Nd2 Nc7 16. Nc4 Qb7 17. Nxc7 Qxc7 18. b3 Rfb8 19. Bb2 Bxb2 20. Qxb2 Rb4 21. Rc1 Nb6 22. Rc3 Nxa4 23. Qa1 Qb7 24. Kh2 Nb6 25. Nxb6 Rxa3 26. Qxa3 Qxb6 27. f3 Kg7 28. Qb2 f6 29. Qa2 Qb7 30. Qa3 h5 31. h4 Rd4 32. Qc1 Qb4 33. Qc2 f5 34. Rd3 fxe4 35. Rxd4 Qxd4 36. fxe4 Kf6 37. Qe2 Ke5 38. g3 Qxe4 39. Qd2 Kf6 40. Qc3+ {ZÜ} 1-0